[Event "Graz op-B 12th"]
[Site "Graz"]
[Date "2005.09.05"]
[Round "3.4"]
[White "Obenaus, Bernd"]
[Black "Bilalli, Arsim"]
[Result "0-1"]
[WhiteElo "1721"]
[BlackElo "1876"]
[PlyCount "98"]
[EventDate "2005.09.03"]
[EventType "swiss"]
[EventRounds "9"]
[EventCountry "AUT"]
[SourceTitle "EXT 2024"]
[Source "ChessBase"]
[SourceDate "2023.10.10"]
[SourceVersion "1"]
[SourceVersionDate "2023.10.10"]
[SourceQuality "1"]

1. d4 Nf6 2. c4 c6 3. Nc3 d5 4. Nf3 Bg4 5. e3 e6 6. Be2 dxc4 7. Bxc4 Nbd7 8. 0-0 Be7 9. Be2 Qc7 10. Qc2 h6 11. b3 0-0 12. Bb2 Rac8 13. Rac1 a6 14. e4 c5 15. Qd3 cxd4 16. Nd5 Qd6 17. Nxf6+ Bxf6 18. Rfe1 Rxc1 19. Bxc1 Nc5 20. Qb1 d3 21. Rd1 Rd8 22. Bf1 b6 23. Ba3 Bxf3 24. gxf3 d2 25. Bb2 Bxb2 26. Qxb2 Qf4 27. Qc3 a5 28. Be2 Qd6 29. Kg2 e5 30. Bc4 Qg6+ 31. Kf1 Qg5 32. Ke2 Qf4 33. Bd5 Qxh2 34. Rxd2 Kf8 35. Qc4 Qf4 36. Qc3 Ne6 37. Bxe6 Rxd2+ 38. Qxd2 Qxd2+ 39. Kxd2 fxe6 40. Ke3 Ke7 41. f4 exf4+ 42. Kxf4 Kd6 43. f3 g6 44. a4 g5+ 45. Kg4 Ke5 46. Kh5 Kf4 47. Kxh6 Kxf3 48. Kxg5 Kxe4 49. Kf6 Kd5 0-1